[Event "Loire-ch op 0506"]
[Site "Loire"]
[Date "2006.03.04"]
[Round "6"]
[White "Gidon, Rene"]
[Black "Chabas, Jean Luc"]
[Result "0-1"]
[WhiteElo "1650"]
[BlackElo "1590"]
[PlyCount "70"]
[EventDate "2005.11.27"]
[EventType "swiss"]
[EventRounds "6"]
[EventCountry "FRA"]
[SourceTitle "EXT 2008"]
[Source "ChessBase"]
[SourceDate "2007.11.25"]
[SourceVersion "1"]
[SourceVersionDate "2007.11.25"]
[SourceQuality "1"]

1. e4 c6 2. d4 d5 3. Nc3 dxe4 4. Nxe4 Bf5 5. Ng3 Bg6 6. Nf3 h6 7. Bd3 Bxd3 8. Qxd3 Nf6 9. 0-0 e6 10. Re1 Be7 11. c3 0-0 12. Be3 Nbd7 13. Rad1 Qc7 14. b4 Rad8 15. Qc2 Rfe8 16. Bd2 Bf8 17. Ne5 Nxe5 18. dxe5 Nd5 19. a3 Ne7 20. f4 Nc8 21. c4 c5 22. b5 b6 23. Nh5 Rd7 24. Re3 Red8 25. Rg3 Kh8 26. Rh3 Qb7 27. Ng3 Rd3 28. f5 exf5 29. Nxf5 Qe4 30. Nd6 Qd4+ 31. Kh1 Rxh3 32. Nxf7+ Kg8 33. Nxd8 Rxa3 34. Bc1 Rc3 35. Qe2 Qxc4 0-1

[Event "Loire-ch op 0405"]
[Site "Loire"]
[Date "2004.10.16"]
[Round "2"]
[White "Carrot, Axel"]
[Black "Chabas, Jean Luc"]
[Result "0-1"]
[WhiteElo "1300"]
[BlackElo "1540"]
[PlyCount "63"]
[EventDate "2004.10.16"]
[EventType "swiss"]
[EventRounds "9"]
[EventCountry "FRA"]
[SourceTitle "EXT 2008"]
[Source "ChessBase"]
[SourceDate "2007.11.25"]
[SourceVersion "1"]
[SourceVersionDate "2007.11.25"]
[SourceQuality "1"]

1. d4 d5 2. Nc3 Nf6 3. Bf4 e6 4. e3 Nbd7 5. Nf3 a6 6. Bd3 c5 7. dxc5 Bxc5 8. 0-0 0-0 9. Ne5 b5 10. Nc6 Qb6 11. Ne5 Bb7 12. Nxd7 Nxd7 13. Qg4 e5 14. Bg5 e4 15. Be2 Nf6 16. Qf5 Qe6 17. Qxe6 fxe6 18. Bxf6 Rxf6 19. Bg4 Raf8 20. Rae1 e5 21. a3 d4 22. exd4 Bxd4 23. Nxe4 Bxe4 24. Rxe4 Rxf2 25. Be6+ Kh8 26. Rxf2 Rxf2 27. Re1 Rf6+ 28. Kh1 Rxe6 29. Rf1 Kg8 30. c3 Bb6 31. Rd1 e4 32. Re1 0-1

[Event "FRA-chT3 Gr12 0304"]
[Site "Loire"]
[Date "2004.02.01"]
[Round "5.5"]
[White "Chabas, Jean Luc"]
[Black "Royet, Damien"]
[Result "0-1"]
[WhiteElo "1580"]
[BlackElo "1499"]
[PlyCount "106"]
[EventDate "2003.10.12"]
[EventType "team"]
[EventRounds "9"]
[EventCountry "FRA"]
[SourceTitle "EXT 2008"]
[Source "ChessBase"]
[SourceDate "2007.11.25"]
[SourceVersion "1"]
[SourceVersionDate "2007.11.25"]
[SourceQuality "1"]

1. e4 e5 2. Nf3 Nc6 3. Bb5 a6 4. Ba4 b5 5. Bb3 Nf6 6. 0-0 Nxe4 7. Re1 Nc5 8. Nxe5 Nxe5 9. Rxe5+ Be7 10. Bxf7+ Kxf7 11. Qf3+ Bf6 12. Re1 Bb7 13. Qf5 d6 14. d3 Re8 15. Be3 Kg8 16. Nc3 Bxc3 17. bxc3 Qf6 18. Qg4 Qg6 19. Qxg6 hxg6 20. Kf1 Rf8 21. Kg1 Bc6 22. h3 Rae8 23. a3 Rf5 24. Kh2 Rh5 25. Rac1 Rf5 26. Kg1 Rff8 27. Kh2 Ne6 28. Ra1 g5 29. Rg1 Nf4 30. Rae1 Kh7 31. h4 Kg6 32. f3 Nd5 33. Bd4 Rxe1 34. Rxe1 g4 35. Kg1 Re8 36. Kf1 Rxe1+ 37. Kxe1 Nb6 38. Kd2 gxf3 39. gxf3 Bxf3 40. Bxb6 cxb6 41. c4 bxc4 42. dxc4 Kf6 43. Kd3 Ke5 44. c3 d5 45. a4 dxc4+ 46. Kxc4 Kd6 47. Kb4 Kc6 48. a5 Be2 49. h5 b5 50. Kb3 Kc5 51. Kc2 Kc4 52. Kd2 Bf3 53. Kc2 b4 0-1

[Event "Loire Cup 2000 Phase Ligue"]
[Site "Loire"]
[Date "2003.02.23"]
[Round "1"]
[White "Barnes, Pierrick"]
[Black "Chabas, Jean Luc"]
[Result "0-1"]
[WhiteElo "1490"]
[BlackElo "1630"]
[PlyCount "100"]
[EventDate "2003.02.23"]
[EventType "team"]
[EventRounds "3"]
[EventCountry "FRA"]
[SourceTitle "EXT 2008"]
[Source "ChessBase"]
[SourceDate "2007.11.25"]
[SourceVersion "1"]
[SourceVersionDate "2007.11.25"]
[SourceQuality "1"]

1. b3 d5 2. Bb2 c5 3. e3 e6 4. Nf3 Nf6 5. d4 Nc6 6. Bb5 a6 7. Bxc6+ bxc6 8. Ne5 Bb7 9. Nd2 Be7 10. 0-0 0-0 11. Re1 cxd4 12. exd4 c5 13. c3 Rc8 14. Rc1 Qa5 15. a4 Rc7 16. Ba3 Qb6 17. Kf1 Rfc8 18. Ndf3 a5 19. Rb1 Qa6+ 20. c4 Ne4 21. Qd3 Qa7 22. Rec1 Ba6 23. Ke1 Qa8 24. g3 Bb7 25. Nd2 Nf6 26. f3 Qa7 27. Kd1 Bf8 28. g4 cxd4 29. Bxf8 Kxf8 30. g5 Ne8 31. Qxh7 Ba6 32. Qd3 Bb7 33. f4 Qa8 34. Qxd4 Nd6 35. c5 Nf5 36. Qf2 Qa6 37. Qf1 Ne3+ 38. Ke1 Nxf1 39. Nxf1 Rxc5 40. Nd7+ Kg8 41. Rxc5 Qd6 42. Rxc8+ Bxc8 43. Ne5 Qb4+ 44. Kd1 Qd4+ 45. Ke1 Qxf4 46. Nc6 Qe4+ 47. Kf2 Qxb1 48. Ne7+ Kf8 49. Nxc8 Qxb3 50. Kg1 Qxa4 0-1

[Event "Loire-ch op"]
[Site "Loire"]
[Date "2002.05.25"]
[Round "7"]
[White "Trenteseaux, Alain"]
[Black "Chabas, Jean Luc"]
[Result "1-0"]
[WhiteElo "1390"]
[BlackElo "1710"]
[PlyCount "76"]
[EventDate "2001.02.??"]
[EventType "swiss"]
[EventRounds "9"]
[EventCountry "FRA"]
[SourceTitle "EXT 2008"]
[Source "ChessBase"]
[SourceDate "2007.11.25"]
[SourceVersion "1"]
[SourceVersionDate "2007.11.25"]
[SourceQuality "1"]

1. e4 c6 2. d4 d5 3. e5 Bf5 4. Nf3 h6 5. Be2 e6 6. 0-0 Nd7 7. Be3 c5 8. c3 cxd4 9. cxd4 Ne7 10. Nbd2 Nc6 11. a3 Be7 12. Re1 a6 13. Nf1 0-0 14. Ng3 Bg6 15. b4 f6 16. Bd3 Bxd3 17. Qxd3 Qe8 18. Qd2 Qf7 19. Bxh6 gxh6 20. Qxh6 f5 21. Nh5 Qh7 22. Qxe6+ Kh8 23. Qxd7 Qxh5 24. Qxb7 Qg6 25. Rac1 Rfc8 26. Qd7 Ra7 27. Qxd5 Qe8 28. Qe6 Rac7 29. Qxf5 Qf8 30. Qh5+ Kg8 31. Ng5 Bxg5 32. Qxg5+ Qg7 33. Qxg7+ Kxg7 34. d5 Nd8 35. Rxc7+ Rxc7 36. e6 Re7 37. d6 Rxe6 38. Rxe6 Nxe6 1-0